00294nam a2200121Ia 4500008004100000245003300041260001700074260000900091300000800100650002300108650001200131856002900143170516s9999 xx 000 0 und d aNano-Carbons as Theranostics bTheranostics c2012 a2:3 xMedical Technology xMedtech uhttp://www.thno.org/v2i3